| 000 | 01744ctm a22003251a 4500 | ||
|---|---|---|---|
| 003 | SA-RiAUC | ||
| 005 | 20251216120724.0 | ||
| 007 | co ug ---uuauu | ||
| 008 | 251208s1982 su fsbm 00000 ara c | ||
| 040 |
_aSA-JeALM _bara _cSA-RiAUC _erda |
||
| 082 | 0 | 4 |
_a237.6 _qSA-RiAUC |
| 090 |
_aر 237.6 _bك ب ي |
||
| 100 | 1 | _aالكبيسي، عبد الغني بن حميد بن محمود | |
| 245 | 1 | 0 |
_aكتاب تحفة الطالب بمعرفة أحاديث مختصر ابن الحاجب / _cعبد الغني بن حميد بن محمود الكبيسي ؛ إشراف محمد أحمد يوسف القاسم. _h[ملف كمبيوتر] / |
| 246 | 3 | 0 | _aتحفة الطالب بمعرفة أحاديث مختصر ابن الحاجب |
| 260 | _c[1982] | ||
| 264 |
_aمكة المكرمة : _bجامعة أم القرى _c1982 |
||
| 300 |
_a460 ورقة؛ _c30 سم |
||
| 500 | _aأطروحة (ماجستير)-جامعة أم القرى، كلية الشريعة، 1403 هـ. | ||
| 502 | _aأطروحة (ماجستير)-جامعة أم القرى، كلية الشريعة، 1403 هـ. | ||
| 504 | _aيشتمل على إرجاعات ببليوجرافية. | ||
| 650 | 7 |
_aالحديث _xمستخرجات _2aucsh |
|
| 650 | 7 |
_aأصول الفقه الإسلامي _2aucsh |
|
| 700 | 1 | 2 |
_aابن الحاجب، عثمان بن عمر بن أبي بكر، _d570-646 هجري |
| 700 |
_aالقاسم, محمد أحمد يوسف. _eإشراف |
||
| 740 | 0 | 2 | _aمختصر منتهى السؤل والأمل في علمي الأصول والجدل. |
| 740 | 0 | 2 | _aمنتهى السؤل والأمل في علمي الأصول والجدل. |
| 942 |
_2ddc _cTHESES _n0 |
||
| 949 |
_aSA-JeALM _d251208 _umohamedma123 _n1 |
||
| 999 |
_c13555 _d13555 |
||